Central Library OPAC University of Rajshahi

Murder on safari / (Record no. 83540)

MARC details
000 -LEADER
fixed length control field 00694nam a2200241 a 4500
001 - CONTROL NUMBER
control field 83540
003 - CONTROL NUMBER IDENTIFIER
rucl marc code BD-RjUL
005 - DATE AND TIME OF LATEST TRANSACTION
control field 20240418145627.0
008 - FIXED-LENGTH DATA ELEMENTS--GENERAL INFORMATION
fixed length control field 240418s19571938enk 00011 eng d
035 ## - SYSTEM CONTROL NUMBER
System control number (BD-RjUL)83540
040 ## - CATALOGING SOURCE
Original cataloging agency ANL
Language of cataloging eng
Modifying agency ANL
Transcribing agency BD-RjUL
041 ## - LANGUAGE CODE
Language code of text/sound track or separate title eng
082 0# - DEWEY DECIMAL CLASSIFICATION NUMBER
Edition number 20
Classification number 823.912
Author mark and year HUM 1957
100 1# - MAIN ENTRY--PERSONAL NAME
Personal name Huxley, Elspeth,
Dates associated with a name 1907-
9 (RLIN) 12625
245 10 - TITLE STATEMENT
Title Murder on safari /
Statement of responsibility, etc. Elspeth Huxley.
260 ## - PUBLICATION, DISTRIBUTION, ETC. (IMPRINT)
Place of publication, distribution, etc. Harmondsworth, Eng. :
Name of publisher, distributor, etc. Penguin Books,
Date of publication, distribution, etc. 1938,1957.
300 ## - PHYSICAL DESCRIPTION
Pagination 203 p. ;
Size 18 cm.
490 1# - SERIES STATEMENT
Series statement Penguin books ;
Volume/sequential designation 1129
500 ## - GENERAL NOTE
General note Originally published: Methuen, 1938.
650 ## - SUBJECT ADDED ENTRY--TOPICAL TERM
Topical term or geographic name as entry element English fiction
830 #0 - SERIES ADDED ENTRY--UNIFORM TITLE
Uniform title Penguin books ;
Volume number/sequential designation 1129.
942 ## - ADDED ENTRY ELEMENTS (KOHA)
Source of classification or shelving scheme Dewey Decimal Classification
Koha item type Books
Holdings
Lost status Source of classification or shelving scheme Damaged status Not for loan Collection code Permanent Location Current Location Shelving location Date acquired Total Checkouts Full call number Date last seen Copy number Koha item type
  Dewey Decimal Classification   Not For Loan Fiction Central Library, University of Rajshahi Central Library, University of Rajshahi Reading Room 18/04/2024   823.912 HUM 1957 18/04/2024 C-1 Books